<?xml version="1.0" encoding="UTF-8"?>
<record
    xmlns:xsi="http://www.w3.org/2001/XMLSchema-instance"
    xsi:schemaLocation="http://www.loc.gov/MARC21/slim http://www.loc.gov/standards/marcxml/schema/MARC21slim.xsd"
    xmlns="http://www.loc.gov/MARC21/slim">

  <leader>00959nas a22002417a 4500</leader>
  <controlfield tag="003">CDMR</controlfield>
  <controlfield tag="005">20151130101459.0</controlfield>
  <controlfield tag="008">130130c1998||||sp br|||||||||||||||spa|d</controlfield>
  <datafield tag="022" ind1=" " ind2=" ">
    <subfield code="a">2254-2183</subfield>
  </datafield>
  <datafield tag="040" ind1=" " ind2=" ">
    <subfield code="a">CDMR</subfield>
    <subfield code="b">cat</subfield>
    <subfield code="c">CDMR</subfield>
  </datafield>
  <datafield tag="245" ind1="0" ind2="0">
    <subfield code="a">Academia TV</subfield>
    <subfield code="c">Academia de las Ciencias y las Artes de Televisi&#xF3;n</subfield>
  </datafield>
  <datafield tag="260" ind1=" " ind2=" ">
    <subfield code="a">Madrid</subfield>
    <subfield code="b">Academia de las Ciencias y las Artes de Televisi&#xF3;n</subfield>
    <subfield code="c">1998-</subfield>
  </datafield>
  <datafield tag="300" ind1=" " ind2=" ">
    <subfield code="a">v.</subfield>
    <subfield code="b">il.</subfield>
    <subfield code="c">30 cm</subfield>
  </datafield>
  <datafield tag="310" ind1=" " ind2=" ">
    <subfield code="a">Semestral</subfield>
  </datafield>
  <datafield tag="362" ind1=" " ind2=" ">
    <subfield code="a">A&#xF1;o 9, no. 97 (marzo 2007)-</subfield>
  </datafield>
  <datafield tag="500" ind1=" " ind2=" ">
    <subfield code="a">Continua la numeraci&#xF3; de: Carta de ajuste, bolet&#xED;n mensual de la Academia de las Ciencias y las Artes de Televisi&#xF3;n de Espa&#xF1;a</subfield>
  </datafield>
  <datafield tag="650" ind1="0" ind2="4">
    <subfield code="9">1780</subfield>
    <subfield code="a">Televisi&#xF3;</subfield>
    <subfield code="z">Espanya</subfield>
    <subfield code="v">Revistes</subfield>
  </datafield>
  <datafield tag="650" ind1="0" ind2="4">
    <subfield code="9">4580</subfield>
    <subfield code="a">Butlletins d'informaci&#xF3;</subfield>
  </datafield>
  <datafield tag="710" ind1="2" ind2=" ">
    <subfield code="9">3115</subfield>
    <subfield code="a">Academia de las Ciencias y las Artes de Televisi&#xF3;n</subfield>
  </datafield>
  <datafield tag="780" ind1="0" ind2="0">
    <subfield code="a">Carta de ajuste</subfield>
    <subfield code="x">1697-4026</subfield>
  </datafield>
  <datafield tag="856" ind1=" " ind2=" ">
    <subfield code="u">http://www.academiatv.es/revista-academiatv/#.UrBnlNKT34U</subfield>
    <subfield code="y">Disponible en l&#xED;nia</subfield>
  </datafield>
  <datafield tag="942" ind1=" " ind2=" ">
    <subfield code="c">SER</subfield>
    <subfield code="2">udc</subfield>
  </datafield>
  <datafield tag="999" ind1=" " ind2=" ">
    <subfield code="c">4528</subfield>
    <subfield code="d">4528</subfield>
  </datafield>
  <datafield tag="952" ind1=" " ind2=" ">
    <subfield code="0">0</subfield>
    <subfield code="1">0</subfield>
    <subfield code="4">0</subfield>
    <subfield code="7">0</subfield>
    <subfield code="a">CDMR</subfield>
    <subfield code="b">CDMR</subfield>
    <subfield code="d">2013-10-22</subfield>
    <subfield code="h">130</subfield>
    <subfield code="l">0</subfield>
    <subfield code="p">CDMR13108636</subfield>
    <subfield code="r">2013-10-22</subfield>
    <subfield code="w">2013-10-22</subfield>
    <subfield code="y">SER</subfield>
  </datafield>
  <datafield tag="952" ind1=" " ind2=" ">
    <subfield code="0">0</subfield>
    <subfield code="1">0</subfield>
    <subfield code="4">0</subfield>
    <subfield code="7">0</subfield>
    <subfield code="a">CDMR</subfield>
    <subfield code="b">CDMR</subfield>
    <subfield code="d">2013-10-22</subfield>
    <subfield code="h">131</subfield>
    <subfield code="l">0</subfield>
    <subfield code="p">CDMR13108637</subfield>
    <subfield code="r">2013-10-22</subfield>
    <subfield code="w">2013-10-22</subfield>
    <subfield code="y">SER</subfield>
  </datafield>
  <datafield tag="952" ind1=" " ind2=" ">
    <subfield code="0">0</subfield>
    <subfield code="1">0</subfield>
    <subfield code="4">0</subfield>
    <subfield code="7">0</subfield>
    <subfield code="a">CDMR</subfield>
    <subfield code="b">CDMR</subfield>
    <subfield code="d">2013-10-22</subfield>
    <subfield code="h">N&#xFA;m. 120 (gener 2011) -</subfield>
    <subfield code="l">0</subfield>
    <subfield code="r">2013-10-22</subfield>
    <subfield code="w">2013-10-22</subfield>
    <subfield code="y">SER</subfield>
  </datafield>
  <datafield tag="952" ind1=" " ind2=" ">
    <subfield code="0">0</subfield>
    <subfield code="1">0</subfield>
    <subfield code="4">0</subfield>
    <subfield code="7">0</subfield>
    <subfield code="a">CDMR</subfield>
    <subfield code="b">CDMR</subfield>
    <subfield code="d">2013-12-04</subfield>
    <subfield code="h">132</subfield>
    <subfield code="l">0</subfield>
    <subfield code="p">CDMR1312613682</subfield>
    <subfield code="r">2013-12-04</subfield>
    <subfield code="w">2013-12-04</subfield>
    <subfield code="y">SER</subfield>
  </datafield>
  <datafield tag="952" ind1=" " ind2=" ">
    <subfield code="0">0</subfield>
    <subfield code="1">0</subfield>
    <subfield code="4">0</subfield>
    <subfield code="7">0</subfield>
    <subfield code="a">CDMR</subfield>
    <subfield code="b">CDMR</subfield>
    <subfield code="d">2014-03-27</subfield>
    <subfield code="h">133</subfield>
    <subfield code="l">0</subfield>
    <subfield code="r">2014-03-27</subfield>
    <subfield code="w">2014-03-27</subfield>
    <subfield code="y">SER</subfield>
  </datafield>
  <datafield tag="952" ind1=" " ind2=" ">
    <subfield code="0">0</subfield>
    <subfield code="1">0</subfield>
    <subfield code="4">0</subfield>
    <subfield code="7">0</subfield>
    <subfield code="a">CDMR</subfield>
    <subfield code="b">CDMR</subfield>
    <subfield code="d">2014-07-31</subfield>
    <subfield code="h">134</subfield>
    <subfield code="l">0</subfield>
    <subfield code="r">2014-07-31</subfield>
    <subfield code="w">2014-07-31</subfield>
    <subfield code="y">SER</subfield>
  </datafield>
  <datafield tag="952" ind1=" " ind2=" ">
    <subfield code="0">0</subfield>
    <subfield code="1">0</subfield>
    <subfield code="4">0</subfield>
    <subfield code="7">0</subfield>
    <subfield code="a">CDMR</subfield>
    <subfield code="b">CDMR</subfield>
    <subfield code="d">2015-04-02</subfield>
    <subfield code="h">135</subfield>
    <subfield code="l">0</subfield>
    <subfield code="r">2015-04-02</subfield>
    <subfield code="w">2015-04-02</subfield>
    <subfield code="y">SER</subfield>
  </datafield>
  <datafield tag="952" ind1=" " ind2=" ">
    <subfield code="0">0</subfield>
    <subfield code="1">0</subfield>
    <subfield code="4">0</subfield>
    <subfield code="7">0</subfield>
    <subfield code="a">CDMR</subfield>
    <subfield code="b">CDMR</subfield>
    <subfield code="d">2015-05-07</subfield>
    <subfield code="h">136</subfield>
    <subfield code="l">0</subfield>
    <subfield code="r">2015-05-07</subfield>
    <subfield code="w">2015-05-07</subfield>
    <subfield code="y">SER</subfield>
  </datafield>
  <datafield tag="952" ind1=" " ind2=" ">
    <subfield code="0">0</subfield>
    <subfield code="1">0</subfield>
    <subfield code="4">0</subfield>
    <subfield code="7">0</subfield>
    <subfield code="a">CDMR</subfield>
    <subfield code="b">CDMR</subfield>
    <subfield code="d">2015-08-27</subfield>
    <subfield code="h">137</subfield>
    <subfield code="l">0</subfield>
    <subfield code="r">2015-08-27</subfield>
    <subfield code="w">2015-08-27</subfield>
    <subfield code="y">SER</subfield>
  </datafield>
  <datafield tag="952" ind1=" " ind2=" ">
    <subfield code="0">0</subfield>
    <subfield code="1">0</subfield>
    <subfield code="4">0</subfield>
    <subfield code="7">0</subfield>
    <subfield code="a">CDMR</subfield>
    <subfield code="b">CDMR</subfield>
    <subfield code="d">2016-01-14</subfield>
    <subfield code="h">138</subfield>
    <subfield code="l">0</subfield>
    <subfield code="r">2016-01-14</subfield>
    <subfield code="w">2016-01-14</subfield>
    <subfield code="y">SER</subfield>
  </datafield>
  <datafield tag="952" ind1=" " ind2=" ">
    <subfield code="0">0</subfield>
    <subfield code="1">0</subfield>
    <subfield code="4">0</subfield>
    <subfield code="7">0</subfield>
    <subfield code="a">CDMR</subfield>
    <subfield code="b">CDMR</subfield>
    <subfield code="d">2016-04-28</subfield>
    <subfield code="h">139</subfield>
    <subfield code="l">0</subfield>
    <subfield code="r">2016-04-28</subfield>
    <subfield code="w">2016-04-28</subfield>
    <subfield code="y">SER</subfield>
  </datafield>
  <datafield tag="952" ind1=" " ind2=" ">
    <subfield code="0">0</subfield>
    <subfield code="1">0</subfield>
    <subfield code="4">0</subfield>
    <subfield code="7">0</subfield>
    <subfield code="a">CDMR</subfield>
    <subfield code="b">CDMR</subfield>
    <subfield code="d">2016-10-13</subfield>
    <subfield code="h">140</subfield>
    <subfield code="l">0</subfield>
    <subfield code="r">2016-10-13</subfield>
    <subfield code="w">2016-10-13</subfield>
    <subfield code="y">SER</subfield>
  </datafield>
  <datafield tag="952" ind1=" " ind2=" ">
    <subfield code="0">0</subfield>
    <subfield code="1">0</subfield>
    <subfield code="4">0</subfield>
    <subfield code="7">0</subfield>
    <subfield code="a">CDMR</subfield>
    <subfield code="b">CDMR</subfield>
    <subfield code="d">2017-02-07</subfield>
    <subfield code="h">141</subfield>
    <subfield code="l">0</subfield>
    <subfield code="r">2017-02-07</subfield>
    <subfield code="w">2017-02-07</subfield>
    <subfield code="y">SER</subfield>
  </datafield>
  <datafield tag="952" ind1=" " ind2=" ">
    <subfield code="0">0</subfield>
    <subfield code="1">0</subfield>
    <subfield code="4">0</subfield>
    <subfield code="7">0</subfield>
    <subfield code="a">CDMR</subfield>
    <subfield code="b">CDMR</subfield>
    <subfield code="d">2017-06-01</subfield>
    <subfield code="h">142</subfield>
    <subfield code="l">0</subfield>
    <subfield code="r">2017-06-01</subfield>
    <subfield code="w">2017-06-01</subfield>
    <subfield code="y">SER</subfield>
  </datafield>
  <datafield tag="952" ind1=" " ind2=" ">
    <subfield code="0">0</subfield>
    <subfield code="1">0</subfield>
    <subfield code="4">0</subfield>
    <subfield code="7">0</subfield>
    <subfield code="a">CDMR</subfield>
    <subfield code="b">CDMR</subfield>
    <subfield code="d">2017-11-16</subfield>
    <subfield code="h">143</subfield>
    <subfield code="l">0</subfield>
    <subfield code="r">2017-11-16</subfield>
    <subfield code="w">2017-11-16</subfield>
    <subfield code="y">SER</subfield>
  </datafield>
  <datafield tag="952" ind1=" " ind2=" ">
    <subfield code="0">0</subfield>
    <subfield code="1">0</subfield>
    <subfield code="4">0</subfield>
    <subfield code="7">0</subfield>
    <subfield code="a">CDMR</subfield>
    <subfield code="b">CDMR</subfield>
    <subfield code="d">2018-02-19</subfield>
    <subfield code="h">144</subfield>
    <subfield code="l">0</subfield>
    <subfield code="r">2018-02-19</subfield>
    <subfield code="w">2018-02-19</subfield>
    <subfield code="y">SER</subfield>
  </datafield>
  <datafield tag="952" ind1=" " ind2=" ">
    <subfield code="0">0</subfield>
    <subfield code="1">0</subfield>
    <subfield code="4">0</subfield>
    <subfield code="7">0</subfield>
    <subfield code="a">CDMR</subfield>
    <subfield code="b">CDMR</subfield>
    <subfield code="d">2018-07-12</subfield>
    <subfield code="h">145</subfield>
    <subfield code="l">0</subfield>
    <subfield code="r">2018-07-12</subfield>
    <subfield code="w">2018-07-12</subfield>
    <subfield code="y">SER</subfield>
  </datafield>
  <datafield tag="952" ind1=" " ind2=" ">
    <subfield code="0">0</subfield>
    <subfield code="1">0</subfield>
    <subfield code="4">0</subfield>
    <subfield code="7">0</subfield>
    <subfield code="a">CDMR</subfield>
    <subfield code="b">CDMR</subfield>
    <subfield code="d">2019-04-04</subfield>
    <subfield code="h">146</subfield>
    <subfield code="l">0</subfield>
    <subfield code="r">2019-04-04</subfield>
    <subfield code="w">2019-04-04</subfield>
    <subfield code="y">SER</subfield>
  </datafield>
</record>
